000 00646nam 22001813 4500
001 200426
021 _aPT
_b129401/98
090 _a200426
100 _a20260205d u||y0pory50 ba
200 _aCoudelaria de Alter da fundação ao futuro : 250 anos
_fcoordenação M. Homem Themudo
210 _a[s.n.]
_cProlisipo
_dD.L. 1998
215 _a45, [5] p.
_cil. ; brochado
_d28 cm
606 _91219
_aAgricultura. Ciências agrárias e técnicas relacionadas. Silvicultura. Explorações agrícolas. Exploração da vida selvagem
675 _a63
_vPT
_zpor
701 _916230
_aThemundo
_bM. Homem
801 _aPT
_bBMMN
_gRPC
830 _cVanda
990 _cLIVROS